U.S State Capitals Alphabet Mix - Statistics

General Stats
  • This quiz has been taken 17 times
  • The average score is 17 of 50
Answer Stats
Hint Answer % Correct
Contains "BUS" Columbus
90%
Contains "F" Frankfort
80%
Contains "PIE" Pierre
80%
Contains "BA" Albany
50%
Contains Double "N" Annapolis
50%
Ends in "A" Atlanta
50%
Ends in "N" Austin
50%
Contains 12 Letters Indianapolis
50%
Olympia
50%
Salt Lake City
50%
Augusta
40%
Boston
40%
Contains Two of the Letter "C"' Carson City
40%
Columbia
40%
Penultimate Letter "E" Denver
40%
Dover
40%
Hartford
40%
Helena
40%
Jefferson City
40%
Lansing
40%
Lincoln
40%
Raleigh
40%
Tallahassee
40%
Trenton
40%
Baton Rouge
30%
Penultimate Letter "C" Bismarck
30%
Concord
30%
Ends with "G" or "H" Harrisburg
30%
Contains "UL" Honolulu
30%
Jackson
30%
Madison
30%
Oklahoma City
30%
Sacramento
30%
Saint Paul
30%
Santa Fe
30%
Same Amount of Letters as Their State Which Starts with a Vowel Boise
20%
Charleston
20%
Cheyenne
20%
Little Rock
20%
Contains "ME" Montgomery
20%
Montpelier
20%
Fourth Letter "H" Nashville
20%
Providence
20%
Richmond
20%
Salem
20%
Topeka
20%
Des Moines
10%
Juneau
10%
Springfield
10%
Phoenix
0%
No matching quizzes found
Score Distribution
Percent of People with Each Score
Percentile by Number Answered
Your Score History
You have not taken this quiz